[Event "Rated Blitz game"]
[Site "?"]
[Date "2021.07.25"]
[Round "?"]
[White "Avoerna08"]
[Black "annaly1979"]
[Result "1-0"]
[WhiteElo "2415"]
[BlackElo "2383"]
[PlyCount "87"]
[EventDate "2021.??.??"]
[EventType "blitz"]

1. e4 e5 2. Nf3 d5 3. exd5 e4 4. Ne5 Bd6 5. d4 Nf6 6. c4 b6 7. Nc3 h6 8. Be2
O-O 9. h3 Bf5 10. Bf4 Re8 11. O-O Qe7 12. Bh2 Nbd7 13. Nc6 Bxh2+ 14. Kxh2 Qd6+
15. Kg1 Nf8 16. Qd2 Ng6 17. Nb5 Qd7 18. Rfe1 a6 19. Nc3 Bxh3 20. gxh3 Qxh3 21.
Qe3 Qd7 22. Qg3 b5 23. b3 b4 24. Nd1 e3 25. Nxe3 Ne4 26. Qh2 Nc3 27. Bg4 Qd6
28. Qxd6 cxd6 29. Nf5 Re4 30. Rxe4 Nxe4 31. f3 Nf6 32. Nxd6 h5 33. Bf5 Nh4 34.
Be4 g5 35. Kf2 g4 36. Kg3 Nxf3 37. Bxf3 gxf3 38. Kxf3 Kg7 39. Rg1+ Ng4 40. Ne5
Rd8 41. Ndxf7 Rf8 42. Ke4 Kf6 43. Nxg4+ hxg4 44. Ne5 {Normal} 1-0

[Event "Rated Blitz game"]
[Site "?"]
[Date "2021.07.25"]
[Round "?"]
[White "Atahan_2006"]
[Black "annaly1979"]
[Result "1-0"]
[WhiteElo "2490"]
[BlackElo "2420"]
[PlyCount "53"]
[EventDate "2021.??.??"]
[EventType "blitz"]

1. e4 e5 2. Nf3 d5 3. exd5 e4 4. Qe2 f5 5. d3 Nf6 6. Nd4 c5 7. Nb3 Bd6 8. dxe4
fxe4 9. Nc3 O-O 10. Be3 Bf5 11. Nxc5 Bxc5 12. Bxc5 Re8 13. h3 Nbd7 14. Bd4 Rc8
15. O-O-O a6 16. g4 Bg6 17. h4 h5 18. Bh3 e3 19. fxe3 Ne4 20. gxh5 Nxc3 21.
bxc3 Be4 22. Rhg1 Ne5 23. Be6+ Kh7 24. Bxe5 Qa5 25. Rxg7+ Kh6 26. Qg4 Rxe6 27.
Qg5# {Normal} 1-0

[Event "Rated Blitz game"]
[Site "?"]
[Date "2021.07.25"]
[Round "?"]
[White "manuelpomares"]
[Black "Mr-Tanaka"]
[Result "1-0"]
[WhiteElo "2505"]
[BlackElo "2387"]
[PlyCount "49"]
[EventDate "2021.??.??"]
[EventType "blitz"]

1. e4 e5 2. Nf3 d5 3. d4 exd4 4. e5 c5 5. b3 Nc6 6. h3 Nge7 7. Bd3 Ng6 8. O-O
Be7 9. Re1 O-O 10. Nbd2 Qc7 11. Nf1 h6 12. e6 Nf4 13. Bxf4 Qxf4 14. exf7+ Rxf7
15. N1h2 Bf5 16. Bxf5 Qxf5 17. Ng4 Raf8 18. Nge5 Rf6 19. Nxc6 Bd6 20. Ne7+ Bxe7
21. Rxe7 Qg6 22. Qd3 Qh5 23. Rae1 Rxf3 24. gxf3 Qxh3 25. Qg6 {Normal} 1-0

[Event "Rated Blitz game"]
[Site "?"]
[Date "2021.07.25"]
[Round "?"]
[White "chaguito89"]
[Black "annaly1979"]
[Result "1-0"]
[WhiteElo "2407"]
[BlackElo "2419"]
[PlyCount "91"]
[EventDate "2021.??.??"]
[EventType "blitz"]

1. e4 e5 2. Nf3 d5 3. Nxe5 Qe7 4. d4 f6 5. Nf3 dxe4 6. Nfd2 f5 7. c4 Nf6 8. Nc3
Nc6 9. Nb3 Qf7 10. d5 Ne5 11. Qd4 Ng6 12. Bg5 Be7 13. Nb5 Bd8 14. O-O-O a6 15.
Nc3 O-O 16. f3 h6 17. Bd2 Be7 18. Be2 Rd8 19. g4 c5 20. Qf2 exf3 21. Bxf3 fxg4
22. Be2 Nh5 23. Qxf7+ Kxf7 24. Rhf1+ Kg8 25. Rde1 b6 26. a4 Nf6 27. Bd3 Ne5 28.
Rxe5 Bd6 29. Re2 Bd7 30. Ne4 Be5 31. Nxf6+ Bxf6 32. a5 Ba4 33. Bc2 Bxb3 34.
Bxb3 b5 35. Bxh6 Kh7 36. Bf4 bxc4 37. Bxc4 Bd4 38. Be5 Rab8 39. Bxd4 cxd4 40.
Rd1 Rb4 41. b3 Rc8 42. Rxd4 Rxb3 43. Rc2 Rbb8 44. d6 Rd8 45. d7 Kh6 46. Bxa6 {
Normal} 1-0

[Event "Rated Blitz game"]
[Site "?"]
[Date "2021.07.25"]
[Round "?"]
[White "Ianniello"]
[Black "fonso96"]
[Result "1-0"]
[WhiteElo "2433"]
[BlackElo "2476"]
[PlyCount "103"]
[EventDate "2021.??.??"]
[EventType "blitz"]

1. e4 e5 2. Nf3 d5 3. d3 dxe4 4. dxe4 Qxd1+ 5. Kxd1 f6 6. Bd3 Bg4 7. Be3 Nc6 8.
Nbd2 Bb4 9. c3 Ba5 10. Kc2 Bb6 11. Bxb6 axb6 12. a3 Nge7 13. Rad1 O-O-O 14. Be2
Be6 15. Nc4 Ng6 16. g3 Rxd1 17. Rxd1 Rd8 18. Rxd8+ Kxd8 19. Ne3 Nce7 20. c4 c6
21. b3 Nf8 22. Kc3 Nd7 23. b4 Kc7 24. Ne1 h6 25. Nd3 Kd6 26. Bg4 Bxg4 27. Nxg4
Nf8 28. Ne3 Ne6 29. f4 Nd4 30. c5+ bxc5 31. bxc5+ Ke6 32. f5+ Kd7 33. Nc4 Nc8
34. a4 Kc7 35. Nc1 b6 36. cxb6+ Nxb6 37. Nxb6 Kxb6 38. Kc4 Ka5 39. Kc5 Kxa4 40.
Kd6 Kb5 41. Ke7 c5 42. Kf8 Kb4 43. Kxg7 Kc3 44. Kxf6 Kd2 45. Na2 Kc2 46. Kxe5
Kb3 47. Nc1+ Kc2 48. Kd5 Kxc1 49. Kxc5 Nf3 50. f6 Ne5 51. Kd5 Nf7 52. e5 {
Normal} 1-0

[Event "Rated Blitz game"]
[Site "?"]
[Date "2021.07.25"]
[Round "?"]
[White "Champion_best"]
[Black "KamranShirazi"]
[Result "1-0"]
[WhiteElo "2449"]
[BlackElo "2491"]
[PlyCount "49"]
[EventDate "2021.??.??"]
[EventType "blitz"]

1. e4 e5 2. Nf3 d5 3. Nxe5 Bd6 4. d4 dxe4 5. Bc4 Bxe5 6. Qh5 Qe7 7. dxe5 Be6 8.
Nd2 Bxc4 9. Nxc4 Qb4+ 10. Nd2 Nc6 11. O-O O-O-O 12. Qxf7 Nge7 13. c3 Qb5 14.
Qe6+ Kb8 15. Nxe4 Ng6 16. f4 Rhe8 17. Qg4 Rf8 18. Ng5 Ngxe5 19. Qh3 Qb6+ 20.
Be3 Qxb2 21. fxe5 Nxe5 22. Ne6 Rxf1+ 23. Rxf1 Rc8 24. Nc5 Qxa2 25. Qxc8+ {
Normal} 1-0

[Event "Rated Blitz tournament YnXYpipP"]
[Site "?"]
[Date "2021.07.25"]
[Round "?"]
[White "canibalchess"]
[Black "Madjrs72"]
[Result "0-1"]
[WhiteElo "2217"]
[BlackElo "2405"]
[PlyCount "84"]
[EventDate "2021.??.??"]
[EventType "blitz"]

1. e4 e5 2. Nf3 d5 3. Nc3 dxe4 4. Nxe4 f5 5. Nc3 e4 6. Ng1 Nf6 7. d3 Bc5 8. h3
Nc6 9. Bg5 O-O 10. dxe4 Qxd1+ 11. Rxd1 Nxe4 12. Nxe4 fxe4 13. Be3 Bxe3 14. fxe3
Be6 15. a3 Ne5 16. b3 a5 17. a4 Rad8 18. Rxd8 Rxd8 19. Ne2 Bxb3 20. cxb3 Nd3+
21. Kd2 Nf2+ 22. Nd4 Nxh1 23. Bc4+ Kh8 24. Ke2 Ng3+ 25. Kf2 Nh5 26. g4 Nf6 27.
Ke2 Nd5 28. Kd2 Nb6 29. Kc3 Nxc4 30. Kxc4 Kg8 31. h4 Kf7 32. h5 Kf6 33. g5+ Ke5
34. Nb5 c6 35. Nd4 Rxd4+ 36. exd4+ Kf4 37. g6 hxg6 38. hxg6 e3 39. d5 cxd5+ 40.
Kxd5 e2 41. Kc5 e1=Q 42. Kb6 Qb4+ {Normal} 0-1

[Event "Rated Blitz game"]
[Site "?"]
[Date "2021.07.25"]
[Round "?"]
[White "SHORT21"]
[Black "rofaidah"]
[Result "0-1"]
[WhiteElo "2594"]
[BlackElo "2447"]
[PlyCount "92"]
[EventDate "2021.??.??"]
[EventType "blitz"]

1. e4 e5 2. Nf3 d5 3. Nxe5 Qe7 4. d4 f6 5. Nf3 dxe4 6. Nfd2 Nc6 7. c3 Bd7 8.
Bc4 O-O-O 9. O-O f5 10. Re1 Nf6 11. Nf1 h5 12. Ne3 Ng4 13. h3 g5 14. b4 Nxe3
15. Bxe3 f4 16. Bc1 Bf5 17. Qa4 Qd7 18. b5 Nb8 19. Bf1 g4 20. Bxf4 gxh3 21. g3
Bd6 22. Bxd6 Qxd6 23. Qxa7 h4 24. Qc5 Qg6 25. Kh2 Rhg8 26. Re3 Nd7 27. Qa7 Nf6
28. Be2 Nd5 29. b6 Nxe3 30. Qa8+ Kd7 31. Bb5+ c6 32. Qxb7+ Ke6 33. Qxc6+ Kf7
34. Qc7+ Kf6 35. Qe5+ Kf7 36. Qc7+ Rd7 37. Bxd7 Ng4+ 38. Kg1 h2+ 39. Kg2 h3+
40. Kh1 Nxf2+ 41. Kxh2 Ng4+ 42. Kh1 Kf8 43. Qd8+ Kg7 44. Bxf5 Qxf5 45. Qe7+ Kh8
46. Nd2 Rg7 {Time forfeit} 0-1

[Event "Rated Blitz game"]
[Site "?"]
[Date "2021.07.24"]
[Round "?"]
[White "vendetto"]
[Black "blastol"]
[Result "0-1"]
[WhiteElo "2336"]
[BlackElo "2406"]
[PlyCount "120"]
[EventDate "2021.??.??"]
[EventType "blitz"]

1. e4 e5 2. Nf3 d5 3. exd5 Bd6 4. d4 e4 5. Ne5 Nf6 6. Bc4 O-O 7. O-O Re8 8. Bf4
Nbd7 9. Bb5 a6 10. Bxd7 Bxd7 11. c4 Ng4 12. Nxd7 Qxd7 13. Bxd6 cxd6 14. h3 Nh6
15. Nc3 f5 16. Qh5 Nf7 17. f4 Rac8 18. b3 b5 19. Qe2 Qc7 20. Rac1 bxc4 21. bxc4
Qxc4 22. Qxc4 Rxc4 23. Rfd1 Rec8 24. Ne2 Rxc1 25. Rxc1 Rxc1+ 26. Nxc1 g5 27. g3
h5 28. Kf2 gxf4 29. gxf4 h4 30. Ke3 Kf8 31. Nb3 Ke7 32. Na5 Kd7 33. Nc4 Kc7 34.
a4 Nh6 35. a5 Ng8 36. Nb6 Ne7 37. Ke2 Ng6 38. Ke3 Kb7 39. Nc4 Kc7 40. Nb6 Ne7
41. Ke2 Ng8 42. Ke3 Nf6 43. Ke2 Nh5 44. Ke3 Ng3 45. Nc4 Nf1+ 46. Ke2 Nh2 47.
Ke3 Nf3 48. Nb6 Ng1 49. Nc4 Nxh3 50. Ne5 dxe5 51. dxe5 Kd7 52. Kd4 Nxf4 53. e6+
Nxe6+ 54. dxe6+ Kxe6 55. Ke3 h3 56. Kf2 f4 57. Kg1 e3 58. Kf1 f3 59. Ke1 h2 60.
Kf1 h1=Q# {Normal} 0-1

[Event "Rated Blitz game"]
[Site "?"]
[Date "2021.07.24"]
[Round "?"]
[White "Gattamelata"]
[Black "ZEBRAKELLYRANCAP"]
[Result "1-0"]
[WhiteElo "2277"]
[BlackElo "2455"]
[PlyCount "97"]
[EventDate "2021.??.??"]
[EventType "blitz"]

1. e4 e5 2. Nf3 d5 3. exd5 e4 4. Nd4 Qxd5 5. Nb3 Nf6 6. Nc3 Qe5 7. Be2 a5 8. a4
Nc6 9. O-O Bd6 10. g3 h5 11. f4 Qe7 12. d3 Bg4 13. dxe4 Qxe4 14. Nxe4 Nxe4 15.
Bxg4 hxg4 16. Re1 f5 17. Be3 O-O-O 18. Qe2 Bb4 19. c3 Bd6 20. Rad1 g6 21. Qb5
Rh5 22. Nxa5 Nxa5 23. Qxa5 Rdh8 24. Re2 Nxg3 25. Rg2 Ne4 26. c4 g3 27. c5 Rxh2
28. Rxh2 gxh2+ 29. Kg2 Kd7 30. cxd6 cxd6 31. Qb5+ Ke6 32. Qd5+ Ke7 33. Qxb7+
Ke6 34. Qd5+ Ke7 35. Rc1 Rh4 36. Rc7+ Kd8 37. Rc1 Rg4+ 38. Kxh2 Rh4+ 39. Kg2
Rg4+ 40. Kf1 Ng3+ 41. Kf2 Ne4+ 42. Ke2 Rg2+ 43. Kd3 Rg3 44. Kd4 Rg2 45. Qg8+
Kd7 46. Qc8+ Ke7 47. Rc7+ Kf6 48. Qf8+ Ke6 49. Qe7# {Normal} 1-0

[Event "Rated Blitz game"]
[Site "?"]
[Date "2021.07.24"]
[Round "?"]
[White "Zlaja2020"]
[Black "BrilliantGambiteer"]
[Result "1-0"]
[WhiteElo "2419"]
[BlackElo "2377"]
[PlyCount "123"]
[EventDate "2021.??.??"]
[EventType "blitz"]

1. e4 e5 2. Nf3 d5 3. d3 dxe4 4. dxe4 Qxd1+ 5. Kxd1 Bg4 6. Be2 Nc6 7. c3 O-O-O+
8. Kc2 Nf6 9. Bg5 Be7 10. Bxf6 Bxf6 11. Nbd2 Rhe8 12. Rad1 Bxf3 13. Bxf3 Kb8
14. h4 h6 15. g3 Rd6 16. Nc4 Rxd1 17. Rxd1 Rd8 18. Rxd8+ Nxd8 19. Bg4 a6 20.
Ne3 g6 21. b4 c6 22. a4 Kc7 23. a5 Kd6 24. Nc4+ Ke7 25. Nb6 Kd6 26. Na4 Kc7 27.
c4 Be7 28. c5 Bf6 29. Nb6 Be7 30. Kd3 Bf8 31. Ke3 h5 32. Bh3 Bh6+ 33. Kd3 Bc1
34. Nc4 f6 35. Kc2 Bh6 36. Nd6 Bf8 37. Ne8+ Kb8 38. Nxf6 Be7 39. Nd7+ Kc7 40.
Nxe5 g5 41. hxg5 Bxg5 42. f4 Bf6 43. Nf3 Nf7 44. e5 Be7 45. Kd3 Nh6 46. Ke4 Kd8
47. Nd4 Ke8 48. Nf5 Nxf5 49. Kxf5 h4 50. g4 Kf7 51. g5 Bd8 52. e6+ Ke7 53. Ke4
Bc7 54. f5 Bg3 55. f6+ Ke8 56. g6 Be1 57. g7 Kd8 58. g8=Q+ Kc7 59. Qc8+ Kxc8
60. e7+ Kc7 61. e8=Q b5 62. Qc8# {Normal} 1-0

[Event "Rated Blitz tournament lmlgdwbs"]
[Site "?"]
[Date "2021.07.24"]
[Round "?"]
[White "PejuangBKD"]
[Black "Madjrs72"]
[Result "0-1"]
[WhiteElo "2423"]
[BlackElo "2376"]
[PlyCount "56"]
[EventDate "2021.??.??"]
[EventType "blitz"]

1. e4 e5 2. Nf3 d5 3. exd5 e4 4. Qe2 Nf6 5. Nc3 Be7 6. Nxe4 O-O 7. d3 Nxd5 8.
Bd2 Re8 9. c4 Nb4 10. a3 Nc2+ 11. Kd1 Nxa1 12. Bc3 Nb3 13. Qe3 Nc6 14. Kc2 f5
15. Ng3 Nc5 16. Nh5 g6 17. Qh6 Bf8 18. Qf4 Ne6 19. Qg3 Ned4+ 20. Nxd4 Nxd4+ 21.
Kb1 Be6 22. Nf4 Bf7 23. h4 Ne6 24. Nd5 Bg7 25. Be5 c6 26. Nc3 Bxe5 27. Qxe5 Qd4
28. Qg3 f4 {Normal} 0-1

[Event "Rated Blitz game"]
[Site "?"]
[Date "2021.07.24"]
[Round "?"]
[White "Rolla-tsport"]
[Black "Schachelite"]
[Result "1-0"]
[WhiteElo "2570"]
[BlackElo "2481"]
[PlyCount "67"]
[EventDate "2021.??.??"]
[EventType "blitz"]

1. e4 e5 2. Nf3 d5 3. exd5 e4 4. Nd4 Qxd5 5. Nb3 Bd6 6. Nc3 Qe5 7. Nb5 Nf6 8.
Nxd6+ cxd6 9. Qe2 Nc6 10. c3 O-O 11. h3 Re8 12. g3 Be6 13. Bg2 b5 14. d4 exd3
15. Qxe5 Nxe5 16. Bxa8 Rxa8 17. Nd4 Bd5 18. Rg1 Re8 19. Be3 a6 20. a4 Nc4 21.
axb5 axb5 22. b3 Nxe3 23. fxe3 Rxe3+ 24. Kd2 Re8 25. Kxd3 g6 26. g4 Be4+ 27.
Kd2 Kg7 28. Rge1 h6 29. Nxb5 Rb8 30. Nxd6 Rd8 31. Ra6 Bg2 32. Kc1 Bxh3 33. Re7
Bxg4 34. Rxf7+ {Normal} 1-0

[Event "Rated Blitz tournament lmlgdwbs"]
[Site "?"]
[Date "2021.07.24"]
[Round "?"]
[White "Butlerpigeon99"]
[Black "Madjrs72"]
[Result "1-0"]
[WhiteElo "2458"]
[BlackElo "2378"]
[PlyCount "73"]
[EventDate "2021.??.??"]
[EventType "blitz"]

1. e4 e5 2. Nf3 d5 3. exd5 e4 4. Qe2 Nf6 5. d3 Qxd5 6. Nc3 Bb4 7. Bd2 Bxc3 8.
Bxc3 O-O 9. Nd2 exd3 10. Qxd3 Re8+ 11. Be2 Qxd3 12. cxd3 Bf5 13. Bxf6 gxf6 14.
Ne4 Bxe4 15. dxe4 Nc6 16. f3 f5 17. Bd3 fxe4 18. fxe4 Rad8 19. O-O-O Nb4 20.
Bb1 Nc6 21. Rxd8 Rxd8 22. a3 Kg7 23. Re1 Kf6 24. g3 Ke5 25. Rf1 Nd4 26. Rxf7
Ne2+ 27. Kc2 Nd4+ 28. Kc3 Ne2+ 29. Kb4 Rd4+ 30. Kc5 b6+ 31. Kc6 Rc4+ 32. Kb7 c5
33. Bd3 Rxe4 34. Bxe4 Kxe4 35. Kxa7 b5 36. Kb6 Nd4 37. Kxc5 {Normal} 1-0

[Event "Rated Blitz game"]
[Site "?"]
[Date "2021.07.24"]
[Round "?"]
[White "patrickw3"]
[Black "blastol"]
[Result "0-1"]
[WhiteElo "2422"]
[BlackElo "2412"]
[PlyCount "110"]
[EventDate "2021.??.??"]
[EventType "blitz"]

1. e4 e5 2. Nf3 d5 3. d4 dxe4 4. Nxe5 Bd6 5. Nc4 h6 6. Nc3 Nf6 7. g3 Nc6 8. Bg2
O-O 9. O-O Bg4 10. Qd2 Re8 11. Re1 Bb4 12. h3 Bh5 13. d5 Bxc3 14. Qxc3 Nxd5 15.
Qb3 Nd4 16. Qxb7 Rb8 17. Qxa7 Nxc2 18. Be3 Ndxe3 19. Nxe3 Nxa1 20. Rxa1 Rxb2
21. a4 Qd2 22. Nc4 Qc2 23. Nxb2 Qxb2 24. Re1 Qc3 25. Re3 Qc1+ 26. Kh2 Bg6 27.
a5 Re6 28. a6 Qa1 29. Qb8+ Kh7 30. a7 Ra6 31. Rxe4 Rxa7 32. Re8 Bf5 33. Rh8+
Kg6 34. Qe8 Qd4 35. Qc6+ Qd6 36. Qc3 Ra3 37. Qb2 Rd3 38. Rg8 Qf6 39. Qc1 Qc3
40. Qf4 Qc5 41. g4 Qd6 42. gxf5+ Kf6 43. Qxd6+ Rxd6 44. Rc8 Rd7 45. Be4 Re7 46.
f3 Ke5 47. Kg3 g6 48. fxg6 fxg6 49. Bxg6 Rg7 50. f4+ Kf6 51. f5 Ke7 52. h4 Kd7
53. h5 Kxc8 54. f6 Rg8 55. Kf4 Rf8 {Time forfeit} 0-1

[Event "Rated Blitz game"]
[Site "?"]
[Date "2021.07.24"]
[Round "?"]
[White "anpramon"]
[Black "KamranShirazi"]
[Result "0-1"]
[WhiteElo "2398"]
[BlackElo "2543"]
[PlyCount "144"]
[EventDate "2021.??.??"]
[EventType "blitz"]

1. e4 e5 2. Nf3 d5 3. Nxe5 Bd6 4. d4 dxe4 5. Nc3 Bxe5 6. dxe5 Qxd1+ 7. Nxd1 Nc6
8. Bb5 Bd7 9. Bxc6 Bxc6 10. Ne3 Ne7 11. Bd2 Ng6 12. Bc3 O-O-O 13. O-O Nf4 14.
Rfe1 Rhe8 15. g3 Nh3+ 16. Kg2 Ng5 17. Rad1 g6 18. Rxd8+ Rxd8 19. h4 Nf3 20. Rd1
Re8 21. Nd5 Nxe5 22. Nf6 Re6 23. Bxe5 Rxe5 24. Kf1 h5 25. Ke2 Rf5 26. Nh7 e3
27. Kxe3 Re5+ 28. Kd2 f6 29. Re1 Rd5+ 30. Kc3 Rf5 31. f4 b6 32. Re6 Rc5+ 33.
Kd2 Bd7 34. Rxf6 Bf5 35. c3 Rd5+ 36. Ke2 Bb1 37. a3 Kb7 38. Nf8 Rd3 39. Rxg6
Rd8 40. Rg8 Ba2 41. Rh8 Bf7 42. Ng6 Bc4+ 43. Ke3 Rd3+ 44. Kf2 Rd2+ 45. Ke3 Re2+
46. Kd4 Bf7 47. Ne5 Be6 48. Rxh5 Rd2+ 49. Ke3 Rxb2 50. f5 Bd5 51. f6 Rb3 52.
Kd4 Be6 53. f7 Bxf7 54. Nxf7 Rxa3 55. g4 Ra4+ 56. c4 b5 57. Ne5 b4 58. g5 b3
59. Kc3 Rb4 60. Nd3 b2 61. Nxb2 Rb6 62. Nd3 Re6 63. Rh6 Re4 64. g6 Rg4 65. h5
Rg3 66. Rh7 Rg2 67. Nc5+ Kc6 68. Nb3 Rg3+ 69. Kb4 a5+ 70. Nxa5+ Kd6 71. Nb3 Ke5
72. c5 Kf6 {Time forfeit} 0-1

[Event "Rated Blitz game"]
[Site "?"]
[Date "2021.07.24"]
[Round "?"]
[White "Garry_KBPL"]
[Black "om_gendut"]
[Result "0-1"]
[WhiteElo "2373"]
[BlackElo "2492"]
[PlyCount "150"]
[EventDate "2021.??.??"]
[EventType "blitz"]

1. e4 e5 2. Nf3 d5 3. d4 dxe4 4. Nxe5 Bd6 5. Be2 Bxe5 6. dxe5 Qxd1+ 7. Bxd1 Nc6
8. Nc3 Bf5 9. g4 Bg6 10. h4 h5 11. gxh5 Bxh5 12. Bxh5 Rxh5 13. Bf4 O-O-O 14.
Rd1 Rxd1+ 15. Kxd1 Nxe5 16. Nxe4 Ng6 17. Bg3 N8e7 18. Ng5 f6 19. Ne6 Nf5 20.
Kc1 Kd7 21. Nc5+ Kc6 22. Ne4 Ngxh4 23. c4 Rh6 24. b4 a6 25. a4 b5 26. cxb5+
axb5 27. a5 Nxg3 28. fxg3 Nf5 29. Rxh6 gxh6 30. Nxf6 Nxg3 31. Kc2 h5 32. Kd3 h4
33. Ng4 Nf5 34. Ke4 Nd6+ 35. Kd4 Nc4 36. Kc3 Kd6 37. Kd4 h3 38. Nh2 c6 39. Ng4
c5+ 40. bxc5+ Kc6 41. Nh2 Nxa5 42. Ke4 Kxc5 43. Kf3 b4 44. Nf1 b3 45. Kg3 b2
46. Nd2 Nc4 47. Nb1 Kb4 48. Kxh3 Kb3 49. Kg3 Kc2 50. Nc3 Kxc3 51. Kf3 b1=Q 52.
Kf4 Qd3 53. Kg5 Nd2 54. Kf6 Kc4 55. Ke5 Qe4+ 56. Kd6 Nb3 57. Kd7 Qd4+ 58. Kc7
Kb5 59. Kb7 Qe5 60. Kc8 Nd2 61. Kd7 Qh5 62. Ke6 Qh6+ 63. Kf5 Kc5 64. Ke5 Nc4+
65. Ke4 Qd6 66. Kf5 Qd4 67. Ke6 Qe3+ 68. Kf5 Qe5+ 69. Kg4 Qf6 70. Kg3 Kd4 71.
Kg4 Ke4 72. Kg3 Qf3+ 73. Kh2 Qg4 74. Kh1 Kf3 75. Kh2 Qg2# {Normal} 0-1

[Event "Rated Blitz game"]
[Site "?"]
[Date "2021.07.24"]
[Round "?"]
[White "Evgeny_Davidenko"]
[Black "vovaches"]
[Result "0-1"]
[WhiteElo "2345"]
[BlackElo "2589"]
[PlyCount "56"]
[EventDate "2021.??.??"]
[EventType "blitz"]

1. e4 e5 2. Nf3 d5 3. exd5 e4 4. Qe2 Nf6 5. d3 Qxd5 6. Nc3 Bb4 7. Bd2 Bxc3 8.
Bxc3 O-O 9. Bxf6 exf3 10. gxf3 gxf6 11. Rg1+ Kh8 12. O-O-O Be6 13. Qe3 Nd7 14.
Qh6 Rg8 15. Be2 Rxg1 16. Rxg1 Rg8 17. Rxg8+ Kxg8 18. h4 Qxa2 19. d4 Qa1+ 20.
Kd2 Qxb2 21. Bd3 Qxd4 22. Kc1 f5 23. Qg5+ Qg7 24. Qd8+ Nf8 25. Qxc7 Qh6+ 26.
Kd1 Qxh4 27. Qxb7 Qxf2 28. Qxa7 Qxa7 {Normal} 0-1

[Event "Rated Blitz tournament FovFlMHX"]
[Site "?"]
[Date "2021.07.24"]
[Round "?"]
[White "Poleo_Menta"]
[Black "txebyshev"]
[Result "0-1"]
[WhiteElo "2238"]
[BlackElo "2425"]
[PlyCount "60"]
[EventDate "2021.??.??"]
[EventType "blitz"]

1. e4 e5 2. Nf3 d5 3. Nxe5 dxe4 4. d4 Bd6 5. Nc4 Nf6 6. Nxd6+ Qxd6 7. Be2 O-O
8. O-O Nc6 9. c3 Bf5 10. Bg5 Nd5 11. Bc4 h6 12. Bxd5 Qxd5 13. Bf4 Qd7 14. Nd2
g5 15. Be3 Bg6 16. h4 f5 17. d5 Qxd5 18. hxg5 f4 19. Bd4 Nxd4 20. cxd4 hxg5 21.
Nb3 Rad8 22. Rc1 Qf7 23. Rc5 Rd5 24. Qc1 c6 25. Na5 Rfd8 26. Rxd5 Rxd5 27. Nb3
f3 28. gxf3 exf3 29. Re1 Qf5 30. Qe3 Qg4+ {Normal} 0-1

[Event "Rated Blitz game"]
[Site "?"]
[Date "2021.07.24"]
[Round "?"]
[White "Tatarenko_Artiom"]
[Black "annaly1979"]
[Result "0-1"]
[WhiteElo "2441"]
[BlackElo "2447"]
[PlyCount "96"]
[EventDate "2021.??.??"]
[EventType "blitz"]

1. e4 e5 2. Nf3 d5 3. exd5 e4 4. Qe2 f5 5. d3 Nf6 6. dxe4 fxe4 7. Nc3 Bb4 8.
Bg5 Bxc3+ 9. bxc3 O-O 10. Bxf6 Qxf6 11. Nd4 c5 12. dxc6 Nxc6 13. Qe3 Kh8 14.
Be2 Bd7 15. O-O Rae8 16. Rab1 b6 17. Rbd1 Ne5 18. Qg3 Ng6 19. Bh5 Nf4 20. Bxe8
Bxe8 21. Rde1 Bg6 22. f3 Nh5 23. Qf2 Qg5 24. Qe3 Nf4 25. g3 Nh3+ 26. Kh1 Qd5
27. f4 h6 28. Kg2 Qd7 29. f5 Rxf5 30. Nxf5 Bxf5 31. Re2 Ng5 32. h4 Bh3+ 33. Kg1
Bxf1 34. Kxf1 Qh3+ 35. Ke1 Nf3+ 36. Kd1 Qh1+ 37. Re1 Nxe1 38. Qxe1 Qf3+ 39. Qe2
Qxg3 40. Qxe4 Qxc3 41. Qe8+ Kh7 42. Qe4+ g6 43. Qe7+ Qg7 44. Qe6 h5 45. Kd2
Qd4+ 46. Kc1 Qxh4 47. c4 Qd4 48. Qd7+ Qxd7 {Normal} 0-1

[Event "Rated Blitz tournament 8ie0tWy3"]
[Site "?"]
[Date "2021.07.24"]
[Round "?"]
[White "WaYoto"]
[Black "om_gendut"]
[Result "0-1"]
[WhiteElo "2247"]
[BlackElo "2471"]
[PlyCount "76"]
[EventDate "2021.??.??"]
[EventType "blitz"]

1. e4 e5 2. Nf3 d5 3. d4 dxe4 4. Nxe5 Bd6 5. Nc4 Be7 6. Nc3 Nf6 7. Bg5 Bf5 8.
Ne3 Bg6 9. g3 Nc6 10. Bxf6 Bxf6 11. d5 Ne5 12. Bg2 Qe7 13. Qe2 Nf3+ 14. Bxf3
exf3 15. Qb5+ Qd7 16. Qxd7+ Kxd7 17. O-O-O Rhe8 18. Rhe1 Bg5 19. Kb1 Re7 20.
Nc4 Rae8 21. Rxe7+ Rxe7 22. a3 b5 23. d6 cxd6 24. Nxd6 Kc6 25. Ndxb5 Bf6 26.
Rd6+ Kb7 27. Na4 Re1+ 28. Ka2 Bxc2 29. Nc5+ Kc8 30. Nxa7+ Kb8 31. Nc6+ Kc7 32.
Rd2 Bb1+ 33. Kb3 Kxc6 34. Kb4 Be7 35. b3 Bxc5+ 36. Ka4 Re2 37. Rd1 Bc2 38. Rc1
Rxf2 {Normal} 0-1

[Event "Rated Blitz game"]
[Site "?"]
[Date "2021.07.24"]
[Round "?"]
[White "anpramon"]
[Black "KamranShirazi"]
[Result "0-1"]
[WhiteElo "2405"]
[BlackElo "2536"]
[PlyCount "56"]
[EventDate "2021.??.??"]
[EventType "blitz"]

1. e4 e5 2. Nf3 d5 3. d4 dxe4 4. Nxe5 Nd7 5. Nxd7 Bxd7 6. c4 f5 7. Nc3 Nf6 8.
Bg5 h6 9. Bxf6 Qxf6 10. Qd2 O-O-O 11. O-O-O Bc6 12. Kb1 Bb4 13. a3 Bxc3 14.
Qxc3 f4 15. c5 e3 16. fxe3 f3 17. Bc4 fxg2 18. Rhg1 Be4+ 19. Ka1 Rhf8 20. b4
Qh4 21. b5 Rf2 22. b6 a6 23. bxc7 Kxc7 24. d5 Qf6 25. Rd4 Rf1+ 26. Bxf1 gxf1=Q+
27. Rxf1 Qxf1+ 28. Ka2 Qb1# {Normal} 0-1

[Event "Rated Blitz game"]
[Site "?"]
[Date "2021.07.24"]
[Round "?"]
[White "dbestsmiles"]
[Black "KamranShirazi"]
[Result "1-0"]
[WhiteElo "2487"]
[BlackElo "2537"]
[PlyCount "89"]
[EventDate "2021.??.??"]
[EventType "blitz"]

1. e4 e5 2. Nf3 d5 3. Nxe5 Bd6 4. d4 dxe4 5. Bc4 Bxe5 6. Qh5 Qe7 7. Qxe5 Qxe5
8. dxe5 Nc6 9. Nc3 Nxe5 10. Bb3 Bf5 11. Bf4 f6 12. Bxe5 fxe5 13. O-O-O Nf6 14.
Nd5 Rc8 15. Rhe1 c6 16. Ne3 Bg6 17. Be6 Rd8 18. Nc4 Ke7 19. Bh3 Rxd1+ 20. Rxd1
Bh5 21. Rd2 Bg4 22. Bxg4 Nxg4 23. h3 e3 24. fxe3 b5 25. Na5 Nxe3 26. Nxc6+ Ke6
27. Re2 Nc4 28. b3 Rc8 29. Nxa7 Ra8 30. Nxb5 Rxa2 31. bxc4 Ra1+ 32. Kd2 Ra4 33.
Kc3 h5 34. Nc7+ Kf5 35. Nd5 h4 36. c5 Rd4 37. Rd2 Ra4 38. c6 Ra6 39. c7 Rc6+
40. Kb3 Ke6 41. c4 e4 42. Kb4 Ke5 43. Kb5 e3 44. Re2 Kd4 45. Kxc6 {Normal} 1-0

[Event "Rated Classical game"]
[Site "?"]
[Date "2021.07.24"]
[Round "?"]
[White "BrandonClarke"]
[Black "LanBrak"]
[Result "1-0"]
[WhiteElo "2732"]
[BlackElo "2481"]
[PlyCount "129"]
[EventDate "2021.??.??"]

1. e4 e5 2. Nf3 d5 3. exd5 e4 4. Qe2 Nf6 5. d3 Bb4+ 6. c3 O-O 7. dxe4 Bd6 8.
Bg5 c6 9. dxc6 Nxc6 10. Nbd2 h6 11. Bh4 Bf4 12. O-O-O Bg4 13. Kb1 Qe7 14. Re1
Rfe8 15. Nb3 g5 16. Bg3 Qxe4+ 17. Qxe4 Nxe4 18. Bb5 Bxg3 19. fxg3 a6 20. Bxc6
bxc6 21. Rhf1 a5 22. Kc1 a4 23. Nbd4 Bd7 24. Nd2 Nc5 25. Kc2 Rad8 26. Nc4 Ne4
27. Nf5 Kh7 28. g4 c5 29. h3 Bb5 30. Nfe3 Ng3 31. Rxf7+ Kg6 32. Rf3 Bxc4 33.
Rxg3 Bxa2 34. Kc1 Rd3 35. Rf3 Bd5 36. Rf5 Bb3 37. Rf3 Bd5 38. Rg3 Rd8 39. Nf5
Rxg3 40. Nxg3 Bxg2 41. Re6+ Kh7 42. Nf5 Rd3 43. Rxh6+ Kg8 44. Rg6+ Kf7 45. Rxg5
Bxh3 46. Nh6+ Kf6 47. Rxc5 Kg6 48. Rc6+ Kg5 49. Nf7+ Kf4 50. Rc4+ Ke3 51. Rxa4
Rd7 52. Ne5 Rg7 53. Rd4 Rg5 54. Rd3+ Ke4 55. Rxh3 Kxe5 56. Rg3 Kf4 57. Rg1 Ke3
58. Kc2 Ke4 59. b4 Kd5 60. Kb3 Kc6 61. c4 Kb6 62. Ka4 Rg8 63. g5 Rg6 64. Rg4
Kc7 65. Kb5 {Normal} 1-0

[Event "Rated Blitz game"]
[Site "?"]
[Date "2021.07.24"]
[Round "?"]
[White "alidomat"]
[Black "GoughPhar"]
[Result "1-0"]
[WhiteElo "2428"]
[BlackElo "2454"]
[PlyCount "119"]
[EventDate "2021.??.??"]
[EventType "blitz"]

1. e4 e5 2. Nf3 d5 3. d4 dxe4 4. Nxe5 Bd6 5. Nc4 Nf6 6. Nxd6+ Qxd6 7. Bc4 O-O
8. Nc3 Nc6 9. Be3 Bf5 10. Qd2 Rad8 11. O-O-O a6 12. h3 b5 13. Bb3 Na5 14. g4
Be6 15. Bxe6 Qxe6 16. Kb1 Nc4 17. Qe2 Qd6 18. g5 Qb4 19. Bc1 Nd5 20. Nxe4 Rfe8
21. Ka1 Qa5 22. Qf3 Nb4 23. Nc3 Nxc2+ 24. Kb1 Nxd4 25. Qg4 Na3+ 26. bxa3 Qxc3
27. Bb2 Qc2+ 28. Ka1 Nf5 29. Rc1 Qxf2 30. Rhf1 Ne3 31. Rxf2 Nxg4 32. hxg4 Rd7
33. Rfc2 Ree7 34. Rc6 Kf8 35. a4 Re4 36. Rxa6 bxa4 37. Ba3+ Ke8 38. Ra8+ Rd8
39. Rxd8+ Kxd8 40. Rf1 Rxg4 41. Rxf7 Rxg5 42. Rf4 Rg2 43. Rxa4 h5 44. Rh4 g6
45. Bc5 Kd7 46. a4 Ke6 47. a5 Rg5 48. Bb4 Kd7 49. a6 Kc6 50. Bd2 Rg4 51. Rxg4
hxg4 52. Be3 g3 53. Kb2 g5 54. Kc3 g4 55. Kd3 g2 56. Ke4 g3 57. Kf3 g1=Q 58.
Bxg1 g2 59. Kxg2 Kd7 60. Kf3 {Normal} 1-0